000
00292 a2200133 4500
000
nam a22 7a 4500
100
_a
B, Roy
110
_a
B, Roy
245
_a
Enterpreneurship And Startups
250
_a
latest edition
260
_b
Yking
_c
2024
264
_b
Yking
_c
2024
942
_c
BK
999
_c
396998
_d
396998